000 01393naa a22003377a 4500
001 BR8500927
003 BR-BrBNA
005 20240918175520.0
007 ta
008 230509b bl.||||| |||| 00| 0 por d
040 _aBR-BrBNA
_bpor
_cBiblioteca Nacional de Agricultura
041 _a(Pt)
072 _aH20
_b1126
_b4120
090 _aH20 BR8500927
100 1 _aGiacomelli, E.J.
100 1 _aTeofilo Sobrinho, J.
111 1 _a7. Congresso Brasileiro de Fruticultura
_cFlorianopolis, SC (Brazil)
_d26-30 Sep 1983
245 1 _aSelecao preliminar de algumas cultivares de abacaxizeiro resistentes a fusariose [Ananas comosus, fungo, Fusarium moniliforme]
246 1 _aPreliminary selection of some pineapple cultivars resistant to fusarium wilt [Ananas comosus, fungus, Fusarium moniliforme]
246 1 _a[Proceedings of the 7. Brazilian Congress on Fruit Crops]
260 3 _aFlorianopolis, SC (Brasil):
_c1984.
500 _aAnais do 7. Congresso Brasileiro de Fruticultura Florianopolis, SC (Brasil): 1984. v. 1 p. 145-161 (BR8500927-AM)H20
650 _aABACAXI
650 _aVARIEDADE
650 _aFUNGO
650 _aFUSARIOSE
650 _aVARIEDADE RESISTENTE
773 0 _tAnais do 7. Congresso Brasileiro de Fruticultura
_wH20 BR8500927
_gFlorianopolis, SC (Brasil), 1984. v. 1 p. 145-161
909 _a202404
_bLucia
_c55
_dLucia Elande
942 _cAM
_2AGRIS
999 _c317094
_d317094